Rwanda : First Review of the Standby Credit Facility Arrangement and Sixth Review Under the Policy Support Instrument, Request for Waiver and Modification of Performance and Assessment Criteria-Press Release; and Staff Report.

This paper discusses Rwanda's First Review of the Standby Credit Facility (SCF) Arrangement and Sixth Review Under the Policy Support Instrument (PSI), Request for Waiver and Modification of Performance and Assessment Criteria. Performance under the PSI and SCF-supported programs remains on tra...

Descripción completa

Detalles Bibliográficos
Autor Corporativo: International Monetary Fund. African Dept
Formato: Revista
Lenguaje:English
Publicado: Washington, D.C. : International Monetary Fund, 2017.
Colección:IMF Staff Country Reports; Country Report ; No. 2017/008
Acceso en línea:Full text available on IMF
LEADER 01978cas a2200241 a 4500
001 AALejournalIMF017334
008 230101c9999 xx r poo 0 0eng d
020 |c 5.00 USD 
020 |z 9781475565355 
022 |a 1934-7685 
040 |a BD-DhAAL  |c BD-DhAAL 
110 2 |a International Monetary Fund.  |b African Dept. 
245 1 0 |a Rwanda :   |b First Review of the Standby Credit Facility Arrangement and Sixth Review Under the Policy Support Instrument, Request for Waiver and Modification of Performance and Assessment Criteria-Press Release; and Staff Report. 
264 1 |a Washington, D.C. :  |b International Monetary Fund,  |c 2017. 
300 |a 1 online resource (55 pages) 
490 1 |a IMF Staff Country Reports 
500 |a <strong>Off-Campus Access:</strong> No User ID or Password Required 
500 |a <strong>On-Campus Access:</strong> No User ID or Password Required 
506 |a Electronic access restricted to authorized BRAC University faculty, staff and students 
520 3 |a This paper discusses Rwanda's First Review of the Standby Credit Facility (SCF) Arrangement and Sixth Review Under the Policy Support Instrument (PSI), Request for Waiver and Modification of Performance and Assessment Criteria. Performance under the PSI and SCF-supported programs remains on track. Nearly all quantitative program targets and structural benchmarks were respected: two quantitative targets were missed by minor amounts, and one benchmark was delayed. The IMF staff recommends approval of the first review of the SCF arrangement and the sixth review of the program supported by the PCI, as well as the request for waiver of nonobservance of the continuous external arrears criterion, and modification of forthcoming program criteria. 
538 |a Mode of access: Internet 
830 0 |a IMF Staff Country Reports; Country Report ;  |v No. 2017/008 
856 4 0 |z Full text available on IMF  |u http://elibrary.imf.org/view/journals/002/2017/008/002.2017.issue-008-en.xml  |z IMF e-Library